Indian economy : (Record no. 93480)

MARC details
000 -LEADER
fixed length control field 00594nam a22001937a 4500
005 - DATE AND TIME OF LATEST TRANSACTION
control field 20150615154637.0
010 ## - LCCN (DPL NO)
LC control number ENG-112998
020 ## - INTERNATIONAL STANDARD BOOK NUMBER
International Standard Book Number 9788170546061
Terms of availability 300.00
035 ## - SYSTEM CONTROL NUMBER
System control number EN-96530
037 ## - SOURCE OF ACQUISITION
Source of stock number/acquisition DBAD/PUB
082 ## - DEWEY DECIMAL CLASSIFICATION NUMBER
Classification number 338.954
100 ## - MAIN ENTRY--PERSONAL NAME
Personal name Singh, Neelu
245 ## - TITLE STATEMENT
Title Indian economy :
Remainder of title reforms & performance /
Statement of responsibility, etc by Neelu Singh
260 ## - PUBLICATION, DISTRIBUTION, ETC. (IMPRINT)
Place of publication, distribution, etc New Delhi
Name of publisher, distributor, etc Classical Publishing
Date of publication, distribution, etc 2012
270 ## - ADDRESS
Address 28- Shopping Centre, Karampura
City New Delhi
Postal code 110015
300 ## - PHYSICAL DESCRIPTION
Extent xii,128p.
Dimensions 22cm(Hb)
500 ## - GENERAL NOTE
General note Includes bibliographical references
942 ## - ADDED ENTRY ELEMENTS (KOHA)
Source of classification or shelving scheme Dewey Decimal Classification
Item type English Books
Call number suffix SIN
Classification part 338.954
Holdings
Withdrawn status Lost status Not for loan Collection code Home library Current library Date acquired Source of acquisition Cost, normal purchase price Full call number Barcode Copy number Cost, replacement price Koha item type
    Not For Loan Non-fiction D.B.Act.Division D.B.Act.Division 12/05/2015 DBAD / PUB 300.00 338.954 SIN EN-96530 1 300.00 English Books

© Delhi Public Library
Hit Counter
free hit counter